000 00601nam a2200193 i 4500
001 182703
003 ES-MaACL
005 20260215063016.0
007 t|
008 131011s1853 gw ||||1| fre d
100 1 _aAhn, Franz,
_d1796-1865
_918946
245 1 0 _aNouvelle méthode practique et facile pour apprendre la langue allemande.
_psecond cours /
_cpar F. Ahn.
250 _a3e éd.
260 _aLeipzig :
_bF.A. Brockhaus,
_c1853.
300 _aIV, 118 p. ;
_c18 cm.
650 0 4 _aLengua alemana-
_vMétodos.
_914086
852 _aES-MaACL
_jF-12986(2)
999 _c182703
_d182703